Újjáalakult a Szegedi Bélyeggyűjtők Egyesülete
Elmentve itt :
| Dokumentumtípus: | Cikk |
|---|---|
| Megjelent: |
1939-07-02
|
| Sorozat: | Délmagyarország
15 No. 148 |
| Kulcsszavak: | Szegedi Bélyeggyűjtők Egyesülete 1939 |
| Online Access: | http://dmarchiv.bibl.u-szeged.hu/50481 |
| LEADER | 00449nab a2200145 i 4500 | ||
|---|---|---|---|
| 001 | delm50481 | ||
| 005 | 20180927134823.0 | ||
| 008 | 180927s1939 hu o 0|| hun d | ||
| 040 | |a SZTE Délmagyarország Archívum |b hun | ||
| 041 | |a hun | ||
| 245 | 0 | 0 | |a Újjáalakult a Szegedi Bélyeggyűjtők Egyesülete |h [elektronikus dokumentum] |
| 260 | |c 1939-07-02 | ||
| 300 | |a 5 | ||
| 490 | 0 | |a Délmagyarország |v 15 No. 148 | |
| 695 | |a Szegedi Bélyeggyűjtők Egyesülete 1939 | ||